| 000 | 00738nam a2200241 i 4500 | ||
|---|---|---|---|
| 001 | 17561 | ||
| 003 | ES-MaACL | ||
| 005 | 20250722131820.0 | ||
| 007 | t| | ||
| 008 | 010403s2001 sp ||||1| spa d | ||
| 020 | _a84-204-8442-3 | ||
| 080 | _a821.134.3-31"19" | ||
| 100 | 1 |
_aSaramago, José, _d1922-2010 _9103754 |
|
| 245 | 1 | 3 |
_aEl evangelio según Jesucristo / _cJosé Saramago ; traducción de Basilio Losada. |
| 250 | _a10ª ed. | ||
| 260 |
_aMadrid : _bAlfaguara, _c2001. |
||
| 300 |
_a514 p. ; _c22 cm. |
||
| 490 | 1 | _aBiblioteca José Saramago | |
| 700 | 1 |
_aLosada, Basilio, _d1930- _974251 |
|
| 830 | 0 |
_aBiblioteca José Saramago _9180315 |
|
| 852 |
_aES-MaACL _jL-24480 _bR.129795 |
||
| 999 |
_c17561 _d17561 |
||